[Event "VI Weekend A"]
[Site "Novara ITA"]
[Date "2005.10.29"]
[Round "2"]
[White "Aglietti, Graziano"]
[Black "Brugo, Marco"]
[Result "1/2-1/2"]
[WhiteElo "2067"]
[BlackElo "2036"]
[PlyCount "112"]
[EventDate "2005.10.28"]

1. e4 e6 2. d4 d5 3. Nc3 Nf6 4. Bg5 Be7 5. e5 Nfd7 6. h4 c5 7. Bxe7 Kxe7 8. Qg4
Nc6 9. Nf3 cxd4 10. Nxd4 Ndxe5 11. Nxc6+ Nxc6 12. O-O-O h5 13. Qg3 Qd6 14. f4
Bd7 15. Be2 a6 16. Qg5+ Kf8 17. Bxh5 f6 18. Qg4 e5 19. f5 Nd4 20. Bg6 Rc8 21.
Rxd4 exd4 22. Qxd4 Rc4 23. Qa7 Bxf5 24. Re1 Bxg6 25. Qa8+ Kf7 26. Qxh8 Qf8 27.
Qxf8+ Kxf8 28. Kd2 d4 29. Ne4 Rc6 30. g4 Re6 31. Kd3 f5 32. gxf5 Bxf5 33. Kxd4
Rh6 34. Ke5 Bh7 35. Rf1+ Ke7 36. Rf4 Rb6 37. b3 Rb5+ 38. Kd4 Ra5 39. a4 Bxe4
40. Rxe4+ Kd6 41. c4 Rf5 42. b4 b6 43. Rg4 Rf7 44. c5+ bxc5+ 45. bxc5+ Kc7 46.
a5 Rd7+ 47. Ke4 Rf7 48. h5 Kc6 49. Rg6+ Kb7 50. Kd5 Rf5+ 51. Kd6 Rxh5 52. Rxg7+
Ka8 53. Rg8+ Ka7 54. Rd8 Rh1 55. c6 Rd1+ 56. Kc7 Rd7+ 1/2-1/2

[Event "VI Weekend A"]
[Site "Novara ITA"]
[Date "2005.10.29"]
[Round "2"]
[White "Astengo, Marcello"]
[Black "Borin, Fabio"]
[Result "0-1"]
[WhiteElo "2077"]
[BlackElo "2128"]
[PlyCount "44"]
[EventDate "2005.10.28"]

1. d4 c5 2. d5 g6 3. c4 Bg7 4. Nc3 d6 5. e4 Bxc3+ 6. bxc3 Qa5 7. Qc2 Nf6 8. Bd3
Nbd7 9. Bf4 b5 10. Rb1 bxc4 11. Bxc4 O-O 12. Nf3 Nb6 13. Be2 Nxe4 14. Rb3 c4
15. Bxc4 Nxc4 16. Qxe4 Qxa2 17. Rb4 Ba6 18. O-O Nb6 19. Rd1 Rac8 20. Be3 Be2
21. Bd4 Bxd1 22. Ng5 Qe2 0-1

[Event "VI Weekend A"]
[Site "Novara ITA"]
[Date "2005.10.29"]
[Round "2"]
[White "Brancaleoni, Maurizio"]
[Black "Ranieri, Fabrizio"]
[Result "1/2-1/2"]
[WhiteElo "2308"]
[BlackElo "2247"]
[PlyCount "31"]
[EventDate "2005.10.28"]

1. c4 e6 2. g3 d5 3. Nf3 Nf6 4. Bg2 Be7 5. d4 O-O 6. Qc2 c6 7. O-O Nbd7 8. b3
b6 9. Rd1 Ba6 10. Nc3 Rc8 11. Bf4 Nh5 12. Bc1 Nhf6 13. Bf4 Nh5 14. Be3 f5 15.
Bc1 g5 16. e3 1/2-1/2

[Event "VI Weekend A"]
[Site "Novara ITA"]
[Date "2005.10.29"]
[Round "2"]
[White "Stefanetti, Marco"]
[Black "Magrini, Fabrizio"]
[Result "1-0"]
[WhiteElo "2067"]
[BlackElo "2067"]
[PlyCount "67"]
[EventDate "2005.10.28"]

1. d4 Nf6 2. Nf3 g6 3. c4 Bg7 4. Nc3 d6 5. e4 O-O 6. Be2 e5 7. O-O Nc6 8. d5
Ne7 9. Ne1 Nd7 10. f3 f5 11. g4 Nf6 12. Be3 f4 13. Bf2 h5 14. h3 Kf7 15. Nd3
Rh8 16. Kg2 Nh7 17. Rh1 Ng5 18. Qd2 Ng8 19. c5 Bd7 20. c6 bxc6 21. dxc6 Be6 22.
Nb4 Ne7 23. Ba6 hxg4 24. hxg4 Bxg4 25. fxg4 f3+ 26. Kg3 Nf5+ 27. exf5 gxf5 28.
Bc4+ Kg6 29. gxf5+ Kxf5 30. Bd3+ e4 31. Qf4+ Ke6 32. Bc4+ Ke7 33. Qxg5+ Bf6 34.
Nbd5+ 1-0

[Event "VI Weekend A"]
[Site "Novara ITA"]
[Date "2005.10.29"]
[Round "2"]
[White "Tencati, Giuseppe"]
[Black "Bonade', Massimo"]
[Result "1-0"]
[WhiteElo "2132"]
[BlackElo "2070"]
[PlyCount "79"]
[EventDate "2005.10.28"]

1. f4 d5 2. Nf3 Nf6 3. g3 g6 4. Bg2 Bg7 5. O-O O-O 6. d3 c5 7. c3 Nc6 8. Qc2
Qc7 9. e4 dxe4 10. dxe4 Rd8 11. Na3 Bg4 12. Be3 b6 13. Rae1 Rd7 14. Nh4 Be6 15.
h3 Rdd8 16. g4 Bc8 17. Nb5 Qb7 18. e5 Nd5 19. Bc1 a6 20. Nd6 exd6 21. Bxd5 Be6
22. Bxe6 fxe6 23. exd6 Rxd6 24. Nf3 Rad8 25. Ng5 Rd3 26. Qg2 R8d6 27. Nxe6 Qd7
28. f5 Qc8 29. Bf4 R6d5 30. Nc7 Qd7 31. Nxd5 Rxd5 32. fxg6 hxg6 33. Re8+ Kh7
34. Qe4 Rd1 35. Re6 Rxf1+ 36. Kxf1 Ne5 37. Rxe5 Qd1+ 38. Kf2 Bxe5 39. Bxe5 Qd2+
40. Qe2 1-0

[Event "VI Weekend A"]
[Site "Novara ITA"]
[Date "2005.10.29"]
[Round "3"]
[White "Astengo, Marcello"]
[Black "Stefanetti, Marco"]
[Result "1/2-1/2"]
[WhiteElo "2077"]
[BlackElo "2067"]
[PlyCount "82"]
[EventDate "2005.10.28"]

1. d4 d5 2. c4 c6 3. Nc3 Nf6 4. cxd5 cxd5 5. Bf4 Qb6 6. Qb3 Qxb3 7. axb3 a6 8.
Nb5 Kd8 9. Bc7+ Kd7 10. Bb6 Ne8 11. Nf3 Nc6 12. g3 Nb4 13. Na3 f6 14. Bg2 e6
15. O-O Nd6 16. Rfc1 Nc6 17. Nd2 f5 18. f3 g6 19. Rd1 Ke8 20. e4 Bd7 21. exd5
exd5 22. Nc2 Bh6 23. Bc5 Nb5 24. f4 Be6 25. Nf3 Bf8 26. Re1 Kd7 27. Ng5 Bg8 28.
Rad1 h6 29. Nf3 Nd6 30. Ne5+ Nxe5 31. dxe5 Rc8 32. Bxd6 Bxd6 33. exd6 Rxc2 34.
Bxd5 Bxd5 35. Rxd5 Re8 36. Rde5 Rec8 37. Re7+ Kxd6 38. Rxb7 Rxb2 39. Rb6+ Rc6
40. Re6+ Kxe6 41. Rxc6+ Kf7 1/2-1/2

[Event "VI Weekend A"]
[Site "Novara ITA"]
[Date "2005.10.29"]
[Round "3"]
[White "Borin, Fabio"]
[Black "Brancaleoni, Maurizio"]
[Result "0-1"]
[WhiteElo "2128"]
[BlackElo "2308"]
[PlyCount "79"]
[EventDate "2005.10.28"]

1. e4 b6 2. d4 Bb7 3. Bd3 Nf6 4. Qe2 e6 5. Nf3 d5 6. e5 Ng8 7. Bg5 Ne7 8. c4 h6
9. cxd5 hxg5 10. dxe6 fxe6 11. Nxg5 Qd7 12. Nc3 Rh6 13. O-O-O Nd5 14. Qf3 Bc6
15. Be4 Nxc3 16. Bxc6 Nxc6 17. d5 Nxd5 18. Nxe6 Qxe6 19. Rxd5 Rd8 20. Rxd8+
Nxd8 21. Qe2 Qxa2 22. Qb5+ Rc6+ 23. Kd2 Qc4 24. Qxc4 Rxc4 25. Kd3 Rb4 26. g3
Rxb2 27. f4 a5 28. Rc1 Bc5 29. Ra1 Rxh2 30. g4 Rh4 31. Ke4 Rxg4 32. Kf5 Rg1 33.
Ra2 Ke7 34. Rh2 a4 35. e6 Nxe6 36. Re2 g6+ 37. Ke5 Kf7 38. Re4 Rd1 39. Rxa4
Bd6+ 40. Ke4 0-1

[Event "VI Weekend A"]
[Site "Novara ITA"]
[Date "2005.10.29"]
[Round "3"]
[White "Brugo, Marco"]
[Black "Bonade', Massimo"]
[Result "1/2-1/2"]
[WhiteElo "2036"]
[BlackElo "2070"]
[PlyCount "97"]
[EventDate "2005.10.28"]

1. d4 d5 2. c4 e6 3. Nc3 Nf6 4. cxd5 exd5 5. Bg5 Be7 6. e3 c6 7. Bd3 O-O 8.
Nge2 Nbd7 9. Qc2 Re8 10. O-O Nf8 11. f3 Be6 12. Rad1 Rc8 13. e4 dxe4 14. fxe4
Ng4 15. Bxe7 Qxe7 16. Rf3 Ng6 17. b3 Nf6 18. e5 Nd5 19. Ne4 Rf8 20. Nd6 Rc7 21.
a3 Qh4 22. Rdf1 b6 23. Nf5 Qd8 24. b4 c5 25. bxc5 bxc5 26. dxc5 Nxe5 27. Rg3
Bxf5 28. Bxf5 h6 29. Nf4 Nf6 30. Qc3 Qe7 31. Rc1 Re8 32. Re3 g5 33. Nd3 Nd5 34.
Rxe5 Nxc3 35. Rxe7 Ne2+ 36. Rxe2 Rxe2 37. Nb4 Re5 38. Na6 Rc6 39. Bd3 Kf8 40.
Bb5 Rce6 41. Bd7 Re1+ 42. Rxe1 Rxe1+ 43. Kf2 Rc1 44. Ke3 Ke7 45. Bf5 Rc3+ 46.
Kd4 Rxa3 47. c6 Rxa6 48. c7 Rc6 49. c8=Q 1/2-1/2

[Event "VI Weekend A"]
[Site "Novara ITA"]
[Date "2005.10.29"]
[Round "3"]
[White "Magrini, Fabrizio"]
[Black "Aglietti, Graziano"]
[Result "1-0"]
[WhiteElo "2067"]
[BlackElo "2067"]
[PlyCount "127"]
[EventDate "2005.10.28"]

1. e4 Nf6 2. e5 Nd5 3. d4 d6 4. Nf3 dxe5 5. Nxe5 e6 6. Bc4 Nd7 7. O-O Be7 8.
Qf3 N7f6 9. Nc3 O-O 10. Nxd5 exd5 11. Bd3 h6 12. c3 a5 13. Re1 c5 14. Bxh6 gxh6
15. Qg3+ Kh8 16. Ng6+ fxg6 17. Qxg6 Ne4 18. Qxh6+ Kg8 19. Qg6+ Kh8 20. Qh6+ Kg8
21. Qg6+ Kh8 22. Rxe4 dxe4 23. Qh6+ Kg8 24. Qg6+ Kh8 25. Qh6+ Kg8 26. Bc4+ Rf7
27. Qg6+ Kh8 28. Qxf7 Qf8 29. Qh5+ Kg7 30. Qe5+ Qf6 31. Qxe4 cxd4 32. cxd4 Bf5
33. Qxb7 Rd8 34. Re1 Rd7 35. Qf3 Rxd4 36. b3 Bb4 37. Rd1 Bc5 38. Rf1 Bd6 39. g3
Bh3 40. Qb7+ Kh6 41. Rc1 Rd2 42. Qb6 Qf3 43. Bf1 Bxf1 44. Rxf1 Rd1 45. Qe3+
Qxe3 46. fxe3 Rxf1+ 47. Kxf1 Kg5 48. Ke2 Kf5 49. Kd3 Ke5 50. h4 Kd5 51. g4 Be7
52. g5 Kc5 53. g6 Bf6 54. h5 Bg7 55. e4 Bh6 56. a3 Bg7 57. b4+ axb4 58. axb4+
Kxb4 59. e5 Kc5 60. Ke4 Kc6 61. Kf5 Kd5 62. e6 Kd6 63. h6 Bxh6 64. Kf6 1-0

[Event "VI Weekend A"]
[Site "Novara ITA"]
[Date "2005.10.29"]
[Round "3"]
[White "Ranieri, Fabrizio"]
[Black "Tencati, Giuseppe"]
[Result "1-0"]
[WhiteElo "2247"]
[BlackElo "2132"]
[PlyCount "57"]
[EventDate "2005.10.28"]

1. e4 e6 2. d4 d5 3. Nc3 Nf6 4. Bg5 Be7 5. e5 Nfd7 6. h4 a6 7. Qg4 f5 8. Qh5+
g6 9. Qh6 Bxg5 10. hxg5 Kf7 11. g4 Qf8 12. gxf5 Qxh6 13. fxe6+ Kxe6 14. Rxh6 c6
15. f4 Kf7 16. Bh3 Nb6 17. O-O-O Bxh3 18. Nxh3 N8d7 19. f5 Nf8 20. Rf1 Ke7 21.
f6+ Kf7 22. Nf4 Re8 23. b3 Nbd7 24. Rfh1 Nxe5 25. dxe5 Rxe5 26. Rg1 d4 27. Nce2
c5 28. Kd2 Nd7 29. Nxg6 1-0

[Event "VI Weekend A"]
[Site "Novara ITA"]
[Date "2005.10.30"]
[Round "4"]
[White "Bonade', Massimo"]
[Black "Aglietti, Graziano"]
[Result "1-0"]
[WhiteElo "2070"]
[BlackElo "2067"]
[PlyCount "63"]
[EventDate "2005.10.28"]

1. d4 Nf6 2. c4 e6 3. Nc3 b6 4. e4 Bb4 5. Bd3 Bb7 6. Qb3 Nc6 7. Nf3 e5 8. dxe5
Ng4 9. Bg5 Qc8 10. Bf4 Bc5 11. O-O Nd4 12. Qd1 h5 13. h3 Ne6 14. Bd2 Qd8 15.
Nd5 c6 16. Nf4 Qe7 17. a3 a5 18. Nxe6 Qxe6 19. b4 Be7 20. Bc3 g5 21. Qd2 Nxf2
22. Qxf2 axb4 23. axb4 Rxa1 24. Rxa1 g4 25. Nd4 Qxe5 26. Ne2 Qd6 27. Bxh8 Qxd3
28. Ra7 Bd6 29. e5 g3 30. Qxg3 Qd1+ 31. Kh2 Bxb4 32. Rxb7 1-0

[Event "VI Weekend A"]
[Site "Novara ITA"]
[Date "2005.10.30"]
[Round "4"]
[White "Brancaleoni, Maurizio"]
[Black "Magrini, Fabrizio"]
[Result "1-0"]
[WhiteElo "2308"]
[BlackElo "2067"]
[PlyCount "27"]
[EventDate "2005.10.28"]

1. d4 Nf6 2. c4 c5 3. Nf3 cxd4 4. Nxd4 e5 5. Nb5 d5 6. cxd5 Bc5 7. d6 Bxf2+ 8.
Kxf2 Qb6+ 9. e3 Ng4+ 10. Ke2 Na6 11. N1c3 Be6 12. d7+ Bxd7 13. Nd6+ Ke7 14.
Nd5+ 1-0

[Event "VI Weekend A"]
[Site "Novara ITA"]
[Date "2005.10.30"]
[Round "4"]
[White "Brugo, Marco"]
[Black "Borin, Fabio"]
[Result "1-0"]
[WhiteElo "2036"]
[BlackElo "2128"]
[PlyCount "73"]
[EventDate "2005.10.28"]

1. d4 c5 2. d5 g6 3. c4 Bg7 4. Nc3 d6 5. e4 Bxc3+ 6. bxc3 Nf6 7. Bd3 Qa5 8. Ne2
Nbd7 9. f4 b5 10. cxb5 a6 11. Bd2 axb5 12. c4 Qa3 13. Bc1 Qa5+ 14. Bd2 b4 15.
O-O Qc7 16. Bc1 e6 17. f5 e5 18. Bg5 O-O 19. Rf3 Ra3 20. Bh6 Re8 21. Bc1 Ra7
22. Qf1 Kg7 23. Qf2 Rf8 24. Qh4 Ng8 25. f6+ Kh8 26. Bg5 Qd8 27. Rh3 h5 28. g4
Ngxf6 29. Rf3 b3 30. Rxf6 Rxa2 31. Raf1 Kg7 32. Rxf7+ Rxf7 33. Rxf7+ Kxf7 34.
Bxd8 Rd2 35. Qe7+ Kg8 36. gxh5 gxh5 37. Qg5+ 1-0

[Event "VI Weekend A"]
[Site "Novara ITA"]
[Date "2005.10.30"]
[Round "4"]
[White "Stefanetti, Marco"]
[Black "Ranieri, Fabrizio"]
[Result "1-0"]
[WhiteElo "2067"]
[BlackElo "2247"]
[PlyCount "107"]
[EventDate "2005.10.28"]

1. d4 e6 2. Nf3 f5 3. g3 Nf6 4. Bg2 Be7 5. O-O d6 6. c3 O-O 7. Qb3 c6 8. Ng5 d5
9. Bf4 h6 10. Nf3 Nbd7 11. Nbd2 g5 12. Be5 Ne4 13. Qc2 g4 14. Ne1 Nxe5 15. dxe5
Qc7 16. Nxe4 dxe4 17. f3 exf3 18. exf3 b6 19. fxg4 Bc5+ 20. Kh1 Ba6 21. Nd3
Rad8 22. Nxc5 Bxf1 23. Nxe6 Bxg2+ 24. Qxg2 Qxe5 25. Nxf8 Rxf8 26. gxf5 Rxf5 27.
Qxc6 Rf6 28. Qc4+ Kg7 29. Rd1 Qf5 30. Qd3 Qxd3 31. Rxd3 Rf2 32. Rd7+ Kg6 33.
Rxa7 Rxb2 34. a4 Rb3 35. Rb7 Rxc3 36. Rxb6+ Kg7 37. a5 Ra3 38. a6 Ra2 39. Kg1
Kh7 40. g4 Kg7 41. h3 Kh7 42. h4 h5 43. g5 Ra4 44. Rb7+ Kg6 45. a7 Kf5 46. Kf2
Ra3 47. Ke2 Kg6 48. Kd2 Kf5 49. Kc2 Kg6 50. Kb2 Ra6 51. Kb3 Ra1 52. Kc4 Kf5 53.
Kc5 Ke5 54. Kc6 1-0

[Event "VI Weekend A"]
[Site "Novara ITA"]
[Date "2005.10.30"]
[Round "4"]
[White "Tencati, Giuseppe"]
[Black "Astengo, Marcello"]
[Result "1-0"]
[WhiteElo "2132"]
[BlackElo "2077"]
[PlyCount "89"]
[EventDate "2005.10.28"]

1. f4 c5 2. Nf3 Nc6 3. g3 d5 4. Bg2 Bg4 5. O-O Nf6 6. d3 e6 7. Qe1 Nd4 8. Nxd4
cxd4 9. h3 Bh5 10. e4 dxe3 11. Bxe3 Be7 12. Qf2 Qa5 13. c4 Bg6 14. Rd1 O-O 15.
Nc3 Rad8 16. Bxa7 d4 17. Nb5 b6 18. Bb7 Nd5 19. Qf3 Ne3 20. a3 Nxd1 21. Qxd1 f6
22. b4 Bxb4 23. axb4 Qxb4 24. Bxb6 e5 25. Rb1 Qe7 26. Bxd8 Rxd8 27. Bd5+ Kh8
28. Qe2 Qd7 29. Kh2 exf4 30. gxf4 Re8 31. Qf2 Re3 32. Bg2 Bxd3 33. Nxd4 Re8 34.
Rb7 Qc8 35. Qg3 Bg6 36. f5 Qxc4 37. Ne6 Rg8 38. Rb8 Qa4 39. Rxg8+ Kxg8 40. fxg6
hxg6 41. Qxg6 Qd7 42. Qg4 Qd6+ 43. Kh1 Qe7 44. Bd5 Qd7 45. Nf4+ 1-0

[Event "VI Weekend A"]
[Site "Novara ITA"]
[Date "2005.10.30"]
[Round "5"]
[White "Aglietti, Graziano"]
[Black "Astengo, Marcello"]
[Result "1-0"]
[WhiteElo "2067"]
[BlackElo "2077"]
[PlyCount "91"]
[EventDate "2005.10.28"]

1. e4 e6 2. d4 d5 3. Nc3 Nf6 4. Bg5 Bb4 5. e5 h6 6. Bd2 Bxc3 7. bxc3 Ne4 8. Qg4
Kf8 9. Bd3 Nxd2 10. Kxd2 c5 11. Nf3 Nc6 12. h4 Qa5 13. Qf4 Kg8 14. g4 Bd7 15.
Rhb1 Qc7 16. g5 Rf8 17. Rg1 h5 18. Qe3 c4 19. Be2 g6 20. Rgb1 Ne7 21. a4 Kg7
22. Nh2 Rb8 23. Nf1 Nf5 24. Qf4 b5 25. axb5 Rxb5 26. Rxb5 Bxb5 27. Ng3 a6 28.
Nxf5+ exf5 29. Bf3 Rd8 30. Ke2 a5 31. Qc1 a4 32. Qa3 Bc6 33. Rb1 Rb8 34. Rb4
Qe7 35. Rxa4 Qxa3 36. Rxa3 Ra8 37. Rxa8 Bxa8 38. Kd2 Kf8 39. Kc1 Ke7 40. Bg2 f4
41. Bh3 Bc6 42. Kb2 Bd7 43. Bxd7 Kxd7 44. Ka3 Ke6 45. Kb4 Kf5 46. f3 1-0

[Event "VI Weekend A"]
[Site "Novara ITA"]
[Date "2005.10.30"]
[Round "5"]
[White "Borin, Fabio"]
[Black "Tencati, Giuseppe"]
[Result "0-1"]
[WhiteElo "2128"]
[BlackElo "2132"]
[PlyCount "134"]
[EventDate "2005.10.28"]

1. e4 e6 2. Nf3 d5 3. Nc3 Nf6 4. e5 Nfd7 5. d4 c5 6. dxc5 Nc6 7. Bf4 Bxc5 8.
Bd3 f6 9. exf6 Nxf6 10. Ne5 O-O 11. O-O Bd6 12. Re1 Nxe5 13. Bxe5 Bxe5 14. Rxe5
Qd6 15. Qe2 Bd7 16. Re1 a6 17. g4 g6 18. h4 Qb4 19. Rg5 Qf4 20. Bxg6 hxg6 21.
Rxg6+ Kf7 22. h5 Rg8 23. g5 Qg4+ 24. Qxg4 Nxg4 25. f3 Rxg6 26. hxg6+ Kxg6 27.
fxg4 Kxg5 28. Re5+ Kf4 29. Re1 Rg8 30. Kf2 Rxg4 31. Ne2+ Ke5 32. Kf3 Rh4 33.
Nf4+ Kd6 34. Kg3 Rh6 35. Nd3 Rg6+ 36. Kf3 Rf6+ 37. Ke3 e5 38. c3 Rh6 39. Rg1
Rh3+ 40. Kd2 Bf5 41. Nf2 Rh2 42. Ke3 d4+ 43. cxd4 exd4+ 44. Kf3 Bc2 45. Rc1 d3
46. Ne4+ Ke5 47. Nc3 d2 48. Rxc2 d1=Q+ 49. Nxd1 Rxc2 50. Ke3 Rh2 51. Nf2 Kd5
52. Nd3 a5 53. Nf4+ Kc4 54. Ne2 a4 55. Kd2 b5 56. Ke3 b4 57. Kd2 Rh1 58. Nc1
Rg1 59. Ne2 Rg2 60. Ke3 Rg8 61. Nc1 Rd8 62. Ke2 a3 63. bxa3 bxa3 64. Ke3 Kc3
65. Ne2+ Kb2 66. Nd4 Rxd4 67. Kxd4 Kxa2 0-1

[Event "VI Weekend A"]
[Site "Novara ITA"]
[Date "2005.10.30"]
[Round "5"]
[White "Magrini, Fabrizio"]
[Black "Bonade', Massimo"]
[Result "1-0"]
[WhiteElo "2067"]
[BlackElo "2070"]
[PlyCount "69"]
[EventDate "2005.10.28"]

1. e4 c5 2. Nf3 d6 3. d4 cxd4 4. Nxd4 Nf6 5. Nc3 a6 6. Bg5 e6 7. f4 Be7 8. Qf3
Qc7 9. O-O-O Nbd7 10. g4 b5 11. Bxf6 Nxf6 12. g5 Nd7 13. f5 Bxg5+ 14. Kb1 Ne5
15. Qh5 Qd8 16. Nxe6 Bxe6 17. fxe6 g6 18. exf7+ Kxf7 19. Qh3 Kg7 20. Nd5 Rf8
21. Qc3 Rc8 22. Qd4 Rc5 23. h4 Bxh4 24. Nb4 Bf6 25. Nxa6 Rc8 26. Bxb5 Qa5 27.
a4 Rf7 28. Qxd6 Rd8 29. Qb4 Qb6 30. Rxd8 Bxd8 31. Qc5 Qe6 32. Qd5 Qe7 33. Nc5
Bc7 34. Ne6+ Kh8 35. Qa8+ 1-0

[Event "VI Weekend A"]
[Site "Novara ITA"]
[Date "2005.10.30"]
[Round "5"]
[White "Ranieri, Fabrizio"]
[Black "Brugo, Marco"]
[Result "1-0"]
[WhiteElo "2247"]
[BlackElo "2036"]
[PlyCount "51"]
[EventDate "2005.10.28"]

1. e4 e6 2. d4 d5 3. Nc3 Nf6 4. Bg5 Bb4 5. e5 h6 6. Bd2 Bxc3 7. bxc3 Ne4 8. Qg4
g6 9. Bd3 Nxd2 10. Kxd2 c5 11. h4 Nc6 12. Nf3 cxd4 13. cxd4 Qa5+ 14. Ke3 b6 15.
Qf4 Ba6 16. Qf6 Rf8 17. h5 gxh5 18. Rxh5 Qc3 19. Rd1 Nb4 20. Ke2 Bxd3+ 21. cxd3
Nxa2 22. Rxh6 Rc8 23. Ke3 b5 24. Ng5 Qc7 25. Nxe6 fxe6 26. Qxe6+ 1-0

[Event "VI Weekend A"]
[Site "Novara ITA"]
[Date "2005.10.30"]
[Round "5"]
[White "Stefanetti, Marco"]
[Black "Brancaleoni, Maurizio"]
[Result "1/2-1/2"]
[WhiteElo "2067"]
[BlackElo "2308"]
[PlyCount "24"]
[EventDate "2005.10.28"]

1. d4 f5 2. Nf3 Nf6 3. g3 g6 4. Bg2 Bg7 5. O-O O-O 6. c3 e6 7. Bg5 h6 8. Bxf6
Qxf6 9. Nbd2 Nc6 10. e3 d6 11. Qb3 Kh7 12. Qc2 e5 1/2-1/2

[Event "Autunno Scacchistico Magistrale"]
[Site "Venezia ITA"]
[Date "2005.10.29"]
[Round "1"]
[White "Artigas Isart, Miguel"]
[Black "Guglielmi, Dante"]
[Result "1/2-1/2"]
[WhiteElo "2240"]
[BlackElo "2030"]
[PlyCount "75"]
[EventDate "2005.10.29"]

1.Nf3 Nf6 2.c4 g6 3.g3 Bg7 4.Bg2 O-O 5.O-O c6 6.d3 d5 7.Nbd2 Nbd7 8.Rb1 b6
9.b4 Bb7 10.Bb2 Qc7 11.cxd5 cxd5 12.Qb3 Rac8 13.Rfc1 Qb8 14.Bh3 e6 15.Bc3 
Rc7 16.Rc2 Rfc8 17.Rbc1 h6 18.Qb2 g5 19.Bg2 Ne8 20.Bxg7 Nxg7 21.h3 Nf5 22.
Nf1 Rxc2 23.Rxc2 Rxc2 24.Qxc2 Qc8 25.Qb2 Nd6 26.Ne3 f5 27.Ne5 Nb5 28.Nxd7 
Qxd7 29.Qf6 Kh7 30.Bf3 Nc7 31.Bh5 Qg7 32.Qd8 Nb5 33.Qe8 Nd4 34.Ng2 Bc6 35.
Qc8 Bd7 36.Qc1 Be8 37.e3 Bxh5 38.exd4 1/2-1/2

[Event "Autunno Scacchistico Magistrale"]
[Site "Venezia ITA"]
[Date "2005.10.29"]
[Round "1"]
[White "Bianchi, Andrea"]
[Black "Redo, Stefano"]
[Result "1/2-1/2"]
[WhiteElo "2160"]
[BlackElo "1949"]
[PlyCount "107"]
[EventDate "2005.10.29"]

1.e4 c5 2.Nf3 e6 3.d4 cxd4 4.Nxd4 a6 5.Be3 Nf6 6.Bd3 Qc7 7.c4 Nc6 8.Nd2 
Bd6 9.g3 h5 10.Nxc6 Qxc6 11.c5 Bb8 12.Rc1 Ng4 13.Bd4 Be5 14.Bxe5 Nxe5 15.
Be2 h4 16.f4 Ng6 17.Bf3 hxg3 18.e5 Qb5 19.hxg3 Rxh1+ 20.Bxh1 Qxb2 21.Nc4 
Qh2 22.Qf3 Qg1+ 23.Kd2 Qd4+ 24.Qd3 Qf2+ 25.Kc3 Qxa2 26.Nb6 Qa3+ 27.Kd2 
Qxd3+ 28.Kxd3 Rb8 29.Nxc8 Rxc8 30.Bxb7 Rc7 31.Bxa6 Ra7 32.Bb5 Ra3+ 33.Rc3 
Rxc3+ 34.Kxc3 f6 35.Kd4 fxe5+ 36.fxe5 Ne7 37.Ke4 Kd8 38.Bd3 Kc7 39.g4 g5 
40.Kd4 Nc6+ 41.Ke4 Na7 42.Kd4 Kc6 43.Kc4 Kb7 44.Be4+ Kc7 45.Kb4 Nc8 46.Kc4
Ne7 47.Kd4 Kb8 48.Kc4 Kc8 49.Kd3 Kc7 50.Kd4 Ng8 51.Bg2 Nh6 52.Bf3 Nf7 53.
Be4 Nd8 54.Bg2 1/2-1/2

[Event "Autunno Scacchistico Magistrale"]
[Site "Venezia ITA"]
[Date "2005.10.29"]
[Round "1"]
[White "Bonafede, Alessandro"]
[Black "De Nardi, Riccardo"]
[Result "0-1"]
[WhiteElo "2147"]
[BlackElo "1943"]
[PlyCount "58"]
[EventDate "2005.10.29"]

1.e4 c5 2.Nf3 d6 3.d4 cxd4 4.Nxd4 Nf6 5.Nc3 g6 6.Be3 Bg7 7.f3 O-O 8.Qd2 
Nc6 9.Bc4 Bd7 10.O-O-O Qa5 11.Bb3 Rfc8 12.Kb1 Ne5 13.g4 Nc4 14.Bxc4 Rxc4 
15.Nb3 Qa6 16.e5 Ne8 17.Nd5 Bxe5 18.Nxe7+ Kf8 19.Nd5 Rac8 20.c3 Be6 21.h4 
Bxd5 22.Qxd5 Nc7 23.Qd3 Nb5 24.Rd2 Rxc3 25.bxc3 Rxc3 26.Qxc3 Nxc3+ 27.Ka1 
Nxa2+ 28.Bd4 Nc1+ 29.Kb2 Nxb3 0-1

[Event "Autunno Scacchistico Magistrale"]
[Site "Venezia ITA"]
[Date "2005.10.29"]
[Round "1"]
[White "Cesaro, Giuliano"]
[Black "Pastres, Roberto"]
[Result "0-1"]
[WhiteElo "1954"]
[BlackElo "2160"]
[PlyCount "58"]
[EventDate "2005.10.29"]

1.d4 d5 2.Nf3 c6 3.g3 Bf5 4.Bg2 h6 5.O-O e6 6.c4 Nf6 7.cxd5 exd5 8.Qb3 Qb6
9.Qxb6 axb6 10.Bf4 Nbd7 11.Nbd2 b5 12.a3 Be7 13.Ne5 O-O 14.Nxd7 Nxd7 15.e4
dxe4 16.Nxe4 Nb6 17.Nd6 Bxd6 18.Bxd6 Rfe8 19.b3 Bc2 20.Bc5 Nd7 21.b4 Bb3 
22.Rfb1 Bc4 23.Rc1 Be6 24.Rc3 Nf6 25.Re1 Bd5 26.Rce3 Rxe3 27.Rxe3 Bxg2 28.
Kxg2 Nd5 29.Rd3 Rd8 0-1

[Event "Autunno Scacchistico Magistrale"]
[Site "Venezia ITA"]
[Date "2005.10.29"]
[Round "1"]
[White "Del Monaco, Andrea"]
[Black "Velluti, Alberto"]
[Result "1-0"]
[WhiteElo "2234"]
[BlackElo "2014"]
[PlyCount "105"]
[EventDate "2005.10.29"]

1.e4 c5 2.Nf3 Nc6 3.Bb5 a6 4.Bxc6 dxc6 5.h3 Nf6 6.d3 Qc7 7.O-O e5 8.b3 Bd6
9.a4 h6 10.a5 Be6 11.Nc3 Rd8 12.Qe1 Qd7 13.Nh2 Bc7 14.Na4 Qe7 15.Be3 Bd6 
16.Qc3 Nd7 17.Nb2 O-O 18.f3 Qh4 19.Qe1 Qxe1 20.Rfxe1 Bc7 21.Nf1 f6 22.g4 
Kh7 23.Kg2 Rg8 24.h4 g6 25.Bd2 Bd6 26.Ne3 Be7 27.Rh1 Bf7 28.Kf2 Be6 29.h5 
g5 30.Rhb1 Nf8 31.Nbc4 Bc8 32.Nf5 Bxf5 33.exf5 Rg7 34.Be3 Nd7 35.Ra4 Bf8 
36.Nd2 Nb8 37.Ne4 Nd7 38.Rc4 b5 39.axb6 Nxb6 40.Nxf6+ Kh8 41.Ne4 Nxc4 42.
dxc4 Rgd7 43.Ke2 Kg7 44.Ra1 Ra8 45.Ra5 Kf7 46.Bxc5 Bxc5 47.Rxc5 Rc7 48.
Rxe5 a5 49.Nd6+ Kf8 50.f6 c5 51.Ne4 a4 52.bxa4 Rxa4 53.Nxc5 1-0

[Event "Autunno Scacchistico Magistrale"]
[Site "Venezia ITA"]
[Date "2005.10.29"]
[Round "1"]
[White "Djuric, Stefan"]
[Black "Temi, Walter"]
[Result "1-0"]
[WhiteElo "2460"]
[BlackElo "2086"]
[PlyCount "79"]
[EventDate "2005.10.29"]

1.e4 b6 2.g3 Bb7 3.Bg2 e6 4.d3 d5 5.Qe2 Be7 6.Nf3 Nf6 7.e5 Nfd7 8.h4 h6 9.
Bf4 c5 10.c4 d4 11.Nbd2 Nf8 12.h5 Nh7 13.Kf1 Ng5 14.Bxg5 hxg5 15.Nh2 Nc6 
16.Ng4 Kd7 17.a3 Kc7 18.h6 Qg8 19.Qf3 gxh6 20.Rxh6 Rxh6 21.Nxh6 Qg6 22.Ng4
Rb8 23.Qe2 Bf8 24.Be4 Qh5 25.Qf3 Nd8 26.Kg2 Bxe4 27.Qxe4 Qg6 28.Qxg6 fxg6 
29.Rh1 Kc6 30.Rh8 Nf7 31.Rg8 a6 32.Rxg6 Kd7 33.Kf3 b5 34.Ke4 Rb7 35.Nf6+ 
Ke7 36.f3 Rb8 37.f4 gxf4 38.gxf4 Rb6 39.Kf3 Kd8 40.Rg8 1-0

[Event "Autunno Scacchistico Magistrale"]
[Site "Venezia ITA"]
[Date "2005.10.29"]
[Round "1"]
[White "Drezzadore, Dario"]
[Black "Rogulj, Branko"]
[Result "0-1"]
[WhiteElo "2061"]
[BlackElo "2393"]
[PlyCount "56"]
[EventDate "2005.10.29"]

1.e4 Nf6 2.Nc3 e6 3.e5 Nd5 4.Nxd5 exd5 5.d4 d6 6.Bf4 Nc6 7.Bb5 dxe5 8.Bxe5
Qe7 9.Qe2 Kd8 10.Nf3 Bg4 11.O-O-O Nxe5 12.dxe5 c6 13.Rd4 Bxf3 14.gxf3 Kc7 
15.Ba4 g6 16.Qe3 Bg7 17.f4 f6 18.Re1 Rhe8 19.Qc3 Rad8 20.Qa5+ Kb8 21.Rb4 
Bf8 22.Rb3 Qc7 23.Qc3 Rc8 24.Qd4 Qa5 25.Ree3 Bc5 26.Qc3 Bxe3+ 27.Qxe3 Qxa4
28.Ra3 d4 0-1

[Event "Autunno Scacchistico Magistrale"]
[Site "Venezia ITA"]
[Date "2005.10.29"]
[Round "1"]
[White "Efimov, Igor"]
[Black "Fattorelli, Luciano"]
[Result "1-0"]
[WhiteElo "2403"]
[BlackElo "2079"]
[PlyCount "39"]
[EventDate "2005.10.29"]

1.d4 d6 2.c4 e5 3.Nf3 Nd7 4.Nc3 Ngf6 5.g3 g6 6.Bg2 Bg7 7.O-O O-O 8.h3 c6 
9.e4 Qc7 10.Re1 Re8 11.b3 Nf8 12.Be3 a6 13.Rc1 Ne6 14.b4 Nd7 15.d5 Nd8 16.
c5 Bf8 17.Na4 cxd5 18.exd5 f6 19.Nd2 Nf7 20.c6 1-0